О судьбе изгнанников печальной.... Харбин. Шанхай; Многогранность жизни; Потомку
| 第一著者: | |
|---|---|
| 要約: | Книга В. А. Слободчикова знакомит читателя с перипетиями судьбы человека, родившегося в 1913 году в России, в дворянской семье и прошедшего через испытания 20-летней эмиграции в Харбине и Шанхае. Пройдя через подвалы Лубянки и Бутырскую тюрьму, обретший Родину мемуарист стал заметной фигурой в советском и российском просвещении — ученым-исследователем и автором школьных учебников французского языка. Воспоминания В.А. Слободчикова охватывают без малого столетие и представляют собой многоплановый исторический документ, в котором есть жизнь во всей ее полноте и реальности — без вымышленных имен и фактов. Книга «О судьбе изгнанников печальной...», как и вся серия «РОССИЯ ЗАБЫТАЯ И НЕИЗВЕСТНАЯ», рассчитана на широкий круг читателей, интересующихся отечественной историей, краеведов, гидов, генеалогов, исследователей историко-культурного аспекта русского зарубежья, а также на государственных служащих и общественно-политических деятелей, ученых, причастных к формированию духовных ценностей возрождающейся России. |
| 言語: | ロシア語 |
| 出版事項: |
Москва, Центрполиграф, 2005
|
| TOC: | Е. Таскина, Многогранность жизни; А. Несмелов, Потомку; |
| シリーズ: | Россия забытая и неизвестная Люди и времена |
| 主題: | |
| フォーマット: | 図書 |
| KOHA link: | https://koha.lib.tpu.ru/cgi-bin/koha/opac-detail.pl?biblionumber=84216 |
MARC
| LEADER | 00000nam0a2200000 4500 | ||
|---|---|---|---|
| 001 | 84216 | ||
| 005 | 20250528150032.0 | ||
| 010 | |a 5952411878 | ||
| 035 | |a (RuTPU)RU\TPU\book\90535 | ||
| 090 | |a 84216 | ||
| 100 | |a 20051027d2005 m y0rusy50 ca | ||
| 101 | 0 | |a rus | |
| 102 | |a RU | ||
| 105 | |a a z 001zc | ||
| 200 | 1 | |a О судьбе изгнанников печальной.... Харбин. Шанхай |f В. А. Слободчиков | |
| 210 | |a Москва |c Центрполиграф |d 2005 | ||
| 215 | |a 431 с. |c ил. | ||
| 225 | 1 | |a Россия забытая и неизвестная | |
| 225 | 1 | |a Люди и времена | |
| 320 | |a Указатель имен: с. 418-430. | ||
| 330 | |a Книга В. А. Слободчикова знакомит читателя с перипетиями судьбы человека, родившегося в 1913 году в России, в дворянской семье и прошедшего через испытания 20-летней эмиграции в Харбине и Шанхае. Пройдя через подвалы Лубянки и Бутырскую тюрьму, обретший Родину мемуарист стал заметной фигурой в советском и российском просвещении — ученым-исследователем и автором школьных учебников французского языка. Воспоминания В.А. Слободчикова охватывают без малого столетие и представляют собой многоплановый исторический документ, в котором есть жизнь во всей ее полноте и реальности — без вымышленных имен и фактов. Книга «О судьбе изгнанников печальной...», как и вся серия «РОССИЯ ЗАБЫТАЯ И НЕИЗВЕСТНАЯ», рассчитана на широкий круг читателей, интересующихся отечественной историей, краеведов, гидов, генеалогов, исследователей историко-культурного аспекта русского зарубежья, а также на государственных служащих и общественно-политических деятелей, ученых, причастных к формированию духовных ценностей возрождающейся России. | ||
| 464 | |t Многогранность жизни |f Е. Таскина |p С. 3-4 | ||
| 464 | |t Потомку |f А. Несмелов |p С. 8 | ||
| 606 | |a Русское зарубежье |x История |9 81502 | ||
| 610 | 1 | |a история | |
| 610 | 1 | |a Россия | |
| 610 | 1 | |a 20 век | |
| 610 | 1 | |a эмиграция | |
| 610 | 1 | |a эмигранты | |
| 610 | 1 | |a Харбин | |
| 610 | 1 | |a Шанхай | |
| 610 | 1 | |a Китай | |
| 610 | 1 | |a Китайская Восточная железная дорога | |
| 686 | |a Т3(2)-3 |2 rubbk | ||
| 700 | 1 | |a Слободчиков |b В. А. |g Владимир Александрович | |
| 801 | 1 | |a RU |b 63413507 |c 20051027 |g PSBO | |
| 801 | 2 | |a RU |b 63413507 |c 20140228 |g PSBO | |
| 850 | |a 63413507 | ||
| 942 | |c BK | ||